| 000 | 00548nam a22001817a 4500 | ||
|---|---|---|---|
| 999 |
_c66807 _d66804 |
||
| 082 | _aR/2CS16 | ||
| 100 | _aAli Raza Abbasi | ||
| 100 | _aRoll No. 16-15CS17 | ||
| 100 | _aSupervisor - Dr. Sajida Parveen Soomro | ||
| 245 | _aImage Classification by Combining Local & Global Features. | ||
| 260 |
_aNawabshah _bQUEST _c2020 |
||
| 300 | _a27p | ||
| 700 | _aFiza Kaneez (Roll No. 16CS24) | ||
| 700 | _aSunhan Mallah (Roll No. 16CS45) | ||
| 700 | _aRena Buriro (Roll No. 16CS30) | ||
| 700 | _aSajjad Hisbani (Roll No. 16CS44) | ||
| 942 | _cTHESIS | ||